Siedziby Gminy Wojaszówka - Statystyki

Ogólne statystyki
  • Ten quiz został rozwiązany 35 razy
  • Średni wynik to 11 z 13
Statystyki odpowiedzi
Lata istnienia Liczba
ludności
Siedziba % Poprawnych
<1.08.1934r. ? Bratkówka
100%
1939–1954r.1973–1976r. 8428 Bratkówka
100%
<1.08.1934r. ? Odrzykoń
100%
1934-1939r. ? Odrzykoń
100%
<1.08.1934r. ? Wojaszówka
100%
1977-do dziś 9325 Wojaszówka
100%
<1.08.1934r. ? Bajdy
88%
<1.08.1934r. ? Rzepnik
88%
<1.08.1934r. ? Ustrobna
75%
<1.08.1934r. ? Pietrusza Wola
63%
<1.08.1934r. ? Łączki Jagiellońskie
50%
<1.08.1934r. ? Łęki Strzyżowskie
50%
<1.08.1934r. ? Wojkówka
50%
Nie znaleziono quizów pasujących do podanych kryteriów
Rozkład punktacji
Procent ludzi z każdym wynikiem
Percentyl według liczby udzielonych odpowiedzi
Twoja historia wyników
Nie rozwiązałeś tego quizu